Normal view
MARC view
- Reid, W. H.
Entry Personal Name
001 - CONTROL NUMBER
- control field: 5448
003 - CONTROL NUMBER IDENTIFIER
- control field: OSt
005 - DATE AND TIME OF LATEST TRANSACTION
- control field: 20170517120908.0
008 - FIXED-LENGTH DATA ELEMENTS
- fixed length control field: 170517|| aca||aabn | a|a d
040 ## - CATALOGING SOURCE
- Original cataloging agency: OSt
- Transcribing agency: OSt
100 ## - HEADING--PERSONAL NAME
- Personal name: Reid, W. H.
- Dates associated with a name: 1926-
- Fuller form of name: (William Hill)
670 ## - SOURCE DATA FOUND
- Source citation: Work cat.: (OSt): The Treatment of antisocial syndromes /, c1981.

PORTAL AKMAL
E-MEL JKDM
AKMAL2U
G-BAM
u-PUSTAKA